| 000 | 00498nam a2200193Ia 4500 | ||
|---|---|---|---|
| 003 | OSt | ||
| 005 | 20240607151939.0 | ||
| 008 | 210210b1985 xxu||||| |||| 00| 0 eng d | ||
| 040 | _cAL | ||
| 041 | _aKannada | ||
| 082 | _aK494.5 BILP | ||
| 100 |
_aBEELAGI (H M). _dಬೀಳಗಿ _9169666 |
||
| 245 |
_aPrathifalana. _bಪ್ರತಿಫಲನ. |
||
| 260 |
_aDharavada _bSamaja Pustakalaya _c1985 |
||
| 300 | _a183 | ||
| 690 |
_aKannada Grammar _9169667 |
||
| 906 | _a042150 | ||
| 942 |
_2ddc _cBK |
||
| 999 |
_c92170 _d92170 |
||